[Event "Olympiad-34"]
[Site "Istanbul"]
[Date "2000.11.02"]
[Round "6.2"]
[White "Georgiev, Kiril"]
[Black "Lputian, Smbat G"]
[Result "1-0"]
[WhiteElo "2661"]
[BlackElo "2598"]
[Annotator "Dautov,R"]
[PlyCount "83"]
[EventDate "2000.10.28"]
[EventType "team-swiss"]
[EventRounds "14"]
[EventCountry "TUR"]
[SourceTitle "EXT 2001"]
[Source "ChessBase"]
[SourceDate "2000.11.22"]
[SourceVersion "1"]
[SourceVersionDate "2000.11.22"]
[SourceQuality "1"]
[WhiteTeam "Bulgaria"]
[BlackTeam "Armenia"]
[WhiteTeamCountry "BUL"]
[BlackTeamCountry "ARM"]

1. c4 e6 2. Nc3 d5 3. d4 Be7 4. cxd5 exd5 5. Bf4 c6 6. e3 (6. Qc2) 6... Bf5 7.
g4 {Diese Variante ist seit dem Match Botvinnik-Petrosian, 1963, bekannt. Weiß
gewinnt Raum am Königsflügel durch den Bauernmarsch.} Be6 8. h4 Nf6 {Dieser
natürliche Entwicklungszug wird selten gespielt, die Theorie bevorzugt 8...Nd7.
} 9. g5 $1 {Anspruchsvoll und stark. Weiß will kein Tempo an 9.f3 verschenken
und klärt sofort die Position des schwarzen Nf6.} (9. f3 c5 10. Bd3 Nc6 11.
Nge2 O-O (11... a6 12. Rc1 Nd7 13. Bg3 O-O 14. Bb1 Re8 15. Kf1 Nf8 16. Kg2 $14
{Chernin,A-Pigusov,E/Copenhagen 1986}) 12. h5 cxd4 13. exd4 Ne8 $1 {überläßt
Schwarz gute Gegenchancen:} 14. Qd2 Nd6 15. Rd1 Nb4 16. Bb1 Nc4 17. Qc1 Rc8
$132 {Leitao,R-Lputian,S/Wijk aan Zee II 1999}) 9... Ne4 $1 (9... Nfd7 {
ist zu passiv:} 10. Bd3 c5 11. Nb5 Na6 12. Ne2 Qb6 13. Nec3 Rc8 14. a4 Nb4 15.
a5 Nxd3+ 16. Qxd3 Qd8 17. a6 $16 {Knaak,R-Johannsson,I/telex 1978}) 10. Bd3 (
10. Nxe4 dxe4 11. Ne2 Bg4 $1 12. Qb3 (12. Bg2 Bb4+ 13. Kf1 Qd5 $15) 12... Na6
13. Bg2 Nb4 14. Bxe4 Be6 $44) 10... Qa5 11. Kf1 $1 {Ein chancenreiches
Bauernopfer. Man kann davon ausgehen, daß Kir. Georgiev diese Stellung
ausführlich analysiert hat. Weiß bekommt für den Bauern zwei Tempi und die
halboffene d-Linie.} (11. Nge2 Bf5 $1 {Der Tausch der weißfeldrigen Läufer ist
sehr nützlich für Schwarz.} 12. Kf1 Nxc3 13. Nxc3 Bxd3+ 14. Qxd3 Nd7 $11) (11.
Qc2 Na6 $132) 11... Nxc3 12. bxc3 Nd7 $6 {Wahrscheinlich sollte Schwarz das
Opfer annehmen, im weiteren Verlauf der Partie wird er "umsonst" leiden müssen.
} (12... Qxc3 13. Rb1 (13. Ne2 Qa5 14. Qb1 Qb6 15. Qc2 Na6 $13) 13... b6 (13...
Bc8 14. Ne2 Qa5 15. Ng3 $44) 14. Ne2 Qa5 15. Qc2 $44) 13. Ne2 O-O-O 14. a4 $1 {
Dieser Zug erinnert Schwarz daran, daß die Sicherheit seines Königs auch am
Damenflügel nicht garantiert ist.} h6 $2 {Dies öffnet zwar die g-Linie,
schwächt aber das Schlüsselfeld f5. 14...Nb6 war m.E. stärker.} (14... Bg4 15.
Qb3 Bxe2+ 16. Kxe2 $14) (14... Nb6 15. Qc2 Nc4 16. Ng3 $14) 15. gxh6 gxh6 16.
Ng3 Nb6 {Erneut verzichtet Lputian auf das Geschenk.} (16... Qxc3 $5 17. Rc1 (
17. a5 Bg4 $1 $13) 17... Qa5 18. Nf5 Bxf5 19. Bxf5 $44) 17. Nf5 Bf8 18. Qc2 Nc4
19. Rg1 $16 {><h6 Nun sieht man deutlich, daß 14.. h6 ein Fehler war. Weiß
übernahm die g-Linie und kann damit auf beiden Flügeln gleichzeitig spielen.}
Bd6 $2 {Nachdem Lputian die gegnerischen Gaben zweimal verschmäht hat, opfert
er selbst einen Bauern, um seine passiven Figuren ein wenig zu aktivieren.} 20.
Bxh6 {Georgiev lehnt nicht ab und setzt seinen Materialvorteil in der Folge
sicher um.} Bxf5 21. Bxf5+ Kb8 22. Bg5 Rde8 23. Bd7 Re4 24. Re1 Be7 25. Bf5 $18
Bxg5 26. Bxe4 Bxe3 27. fxe3 dxe4 28. Rg5 f5 29. Qh2+ Ka8 30. Qg2 Qd5 31. h5 a5
32. Qf2 Nd6 33. Kg1 Qf7 34. Qh2 Nc4 35. Re2 Ka7 36. Rf2 Nxe3 37. Qg3 Nd5 38.
Rfxf5 Qd7 39. c4 Nb4 40. Rxa5+ Na6 41. Qe5 Qd8 42. Qc5+ 1-0

[Event "SWE-ch"]
[Site "Linkoping"]
[Date "2001.07.02"]
[Round "3"]
[White "Agrest, Evgenij"]
[Black "Akesson, Ralf"]
[Result "1-0"]
[WhiteElo "2532"]
[BlackElo "2463"]
[Annotator "Dautov,R"]
[PlyCount "75"]
[EventDate "2001.06.30"]
[EventType "tourn"]
[EventRounds "13"]
[EventCountry "SWE"]
[EventCategory "8"]
[SourceTitle "CBM 085"]
[Source "ChessBase"]
[SourceDate "2001.11.13"]
[SourceVersion "1"]
[SourceVersionDate "2001.11.13"]
[SourceQuality "1"]

1. d4 d5 2. c4 e6 3. Nc3 Be7 4. cxd5 exd5 5. Bf4 c6 6. Qc2 {Eine ruhige
Fortsetzung.} ({Wesentlich agressiver ist} 6. e3 Bf5 7. g4 Be6 8. h4 {, und
hier scheint die Variante} Nd7 $1 9. h5 Nh6 {am besten für Schwarz zu sein.})
6... Bd6 7. Bg3 $1 {Die Hauptidee dieser Variante, Weiß lädt den Gegner zum
Abtausch auf g3 ein. Die danach entstehende halboffene h-Linie verhilft dem
Anziehenden zum aktiven Spiel auf dem Königsflügel.} Ne7 8. e3 Bf5 9. Qd2 ({
Häufiger sieht man in der Turnierpraxis} 9. Qb3 {,z.B} Nc8 10. Be2 (10. Nf3 Qb6
11. Nd2 O-O 12. Be2 Na6 13. a3 Nc7 14. O-O Re8 15. Rfc1 Ne6 16. Qd1 a5 17. Na4
Qd8 18. Nf1 Bg6 $11 {Georgiev,K-Lputian,S/Poikovsky2001}) 10... O-O 11. Nf3 Qb6
12. Nh4 $1 Bg6 13. Nxg6 hxg6 14. Qc2 Nd7 15. O-O-O Nf6 16. f3 Re8 17. e4 dxe4
18. fxe4 Bb4 19. Na4 Qa5 20. a3 Bf8 21. Nc3 Nb6 22. Kb1 $14 {Yakovich,
Y-Krivonosov,O/Cappelle la Grande 1999}) 9... O-O 10. Be2 $1 $146 {Eine
flexible Entwicklungsweise, Weiß läßt sich die Möglichkeit der Bauernexpansion
offen.} (10. Nf3 Ng6 11. Be2 Re8 12. Bxd6 Qxd6 13. h4 Nd7 14. h5 Ne7 15. Nh4
Be6 16. g4 Nf6 17. f3 Qg3+ 18. Kd1 c5 19. Kc2 cxd4 20. exd4 Nc6 21. Rad1 a6 22.
Kb1 b5 23. Bd3 Qd6 24. Ne2 Nb4 $11 {Moskalenko,V-Kharitonov,A/Alushta 1994})
10... Be6 (10... Ng6 {ermöglchte die Abwicklung} 11. Bxd6 Qxd6 12. g4 $5 Be6
13. h4 f5 14. h5 Ne7 15. g5 f4 16. e4 $13) 11. Nf3 Nf5 12. Bd3 $1 {Der
steigende Druck auf der Diagonale b1-h7 soll den Gegner zum Tausch auf g3
zwingen.} Nxg3 ({Schwarz konnte sich auch stur stellen:} 12... Qe7 13. Qc2 $1
g6 14. Bxd6 Nxd6 15. h4 $5 $13) 13. hxg3 h6 14. Qc2 $1 Nd7 15. Bh7+ Kh8 16. Bf5
$14 {Weiß bereitet g3-g4 vor.} Bxf5 17. Qxf5 Qe7 18. Rh4 $1 {[%cal Rf5h3,Rg3g4,
Rg4g5] /\Qh3,g4-g5} (18. g4 g6 $1 19. Qc2 Kg7) 18... Qe6 {Auch dieser
Damentausch verspricht Schwarz noch keine Entlastung.} 19. g4 Qxf5 20. gxf5
Rfe8 21. g4 $1 {Die zweite Angriffswelle kommt. Schwarz ist gezwungen, früher
oder später f7-f6 zu spielen.} Kg8 22. Ke2 {/\Rah1,g5} f6 {><e6,g6} 23. Rhh1 $1
{[%cal Rf3h4,Rh4g6] Weiß hat sein Ziel erreicht, die Felder e6 und g6 sind
geschwächt. Die Springerinvasion beginnt.} Kf7 24. Nh4 a5 25. Kd3 a4 26. Ng2
$14 (26. Ng6 $14) 26... Nb6 27. Rab1 Re7 28. Nh4 Nc4 29. Ng6 Ree8 30. b3 (30.
e4 $5 $14) 30... axb3 31. axb3 Nb6 32. Ra1 {Weiß konnte den gegnerischen Druck
auf dem Damenflügel erfolgreich abschütteln. Langsam, aber sicher bereitet er
den Vorstoß e3-e4 vor.} Nd7 33. f3 {[%cal Re3e4]} Bb4 34. Ne2 Nf8 35. Nxf8 Bxf8
36. Nf4 Ba3 37. Ne6 Bb2 $4 (37... Bd6 38. e4 $16) 38. Rab1 1-0

[Event "RUS-ch 54th"]
[Site "Elista"]
[Date "2001.05.03"]
[Round "4"]
[White "Turov, Maxim"]
[Black "Kharlov, Andrei"]
[Result "1/2-1/2"]
[WhiteElo "2553"]
[BlackElo "2639"]
[Annotator "Dautov,R"]
[PlyCount "78"]
[EventDate "2001.04.29"]
[EventType "swiss"]
[EventRounds "9"]
[EventCountry "RUS"]
[SourceTitle "CBM 083"]
[Source "ChessBase"]
[SourceDate "2001.07.05"]
[SourceVersion "1"]
[SourceVersionDate "2001.07.05"]
[SourceQuality "1"]

1. d4 d5 2. c4 e6 3. Nc3 c6 4. e4 Bb4 {Eine solide Möglichkeit, das Slawische
Gambit 4...dxe4 5.Nxe4 Bb4+ 6.Bd2 Qxb4 zu vermeiden.} 5. cxd5 exd5 (5... cxd5
6. e5 $14) 6. exd5 {Diese Fortsetzung verspricht Weiß nicht viel.} ({
Prinzipiell ist} 6. e5 Ne7 7. Nf3 ({oder} 7. Bd3) 7... c5 8. a3 Bxc3+ 9. bxc3
Nbc6 10. Be2 Bg4 11. O-O O-O 12. Rb1 b6 $1 (12... Qc7 $2 13. h3 Bh5 $6 14. a4
$14 {Khalifman,A-Galkin,A/Hoogeveen 2000}) 13. h3 Bf5 14. Bd3 Rc8 $132) 6...
Qxd5 $5 {Dies ist eine anspruchsvollere Fortsetzung als 6...exd6.} (6... cxd5
7. Bd3 Nc6 8. Nge2 Bg4 9. O-O Nge7 10. Qb3 $11 {Kouatly,B-Bacrot,E/Meribel 1998
}) 7. Nf3 Nf6 8. Bd3 O-O 9. O-O Bxc3 ({Riskanter für Schwarz ist der Versuch} 
9... Qa5 {wegen} 10. Bg5 $1 (10. Qc2 h6 11. Re1 Be6 12. Re5 $6 Qd8 13. Bf5 Bxf5
14. Rxf5 Nbd7 $15 {Berg,K-Schandorff,L/DEN-ch 1995}) 10... Nbd7 11. Qc2 h6 12.
Bh4 $14) 10. bxc3 Bg4 11. Be3 (11. Rb1 b5 12. a4 a6 $11) (11. c4 Bxf3 12. gxf3
Qh5 13. Rb1 b6 14. Kh1 Nbd7 15. Rg1 Rfe8 16. Rg5 Qh4 17. Qg1 g6 18. Be3 c5 $11
{Kharlov,A-Galkin,A/Dubai 2001}) 11... Nbd7 (11... b5 12. a4 $14) 12. c4 Bxf3
13. cxd5 $2 {Verhilft Schwarz zu einer perfekten Blockadestellung.} ({Nur mit} 
13. Qxf3 $1 Qxf3 14. gxf3 {konnte Weiß auf etwas Vorteil hoffen. Z.B,} b6 15.
a4 c5 16. d5 a5 17. Rab1 $14) 13... Bxd1 14. dxc6 Ba4 15. cxd7 Rfd8 $1 16. Rab1
Rxd7 $11 17. Rfc1 Bc6 18. Rb3 Nd5 19. Bc4 h6 20. Bxd5 Rxd5 {Schwarz steht
einen Hauch besser, aber wie kann man eine solche Stellung gewinnen?} 21. Rbc3
Ra5 22. Rc5 $1 Rxc5 (22... Rxa2 23. d5 Ba4 24. Rc7 b6 25. d6 $11) 23. Rxc5 Rd8
24. h4 f6 25. f3 Kf7 26. Kf2 Ke6 27. a3 Rd5 28. Rxd5 Kxd5 29. Bd2 h5 30. Ke3 b6
31. Bb4 Bb5 32. Bf8 g6 33. Be7 Ke6 34. Bd8 Bf1 35. g3 f5 36. Kd2 Kd5 37. Kc3
Be2 38. f4 Ke4 39. Bg5 Ba6 1/2-1/2

[Event "Poikovsky Karpov 02nd"]
[Site "Poikovsky"]
[Date "2001.05.03"]
[Round "3"]
[White "Onischuk, Alexander"]
[Black "Lputian, Smbat G"]
[Result "0-1"]
[WhiteElo "2658"]
[BlackElo "2607"]
[Annotator "Dautov,R"]
[PlyCount "60"]
[EventDate "2001.05.05"]
[EventType "tourn"]
[EventRounds "9"]
[EventCountry "RUS"]
[EventCategory "15"]
[SourceTitle "CBM 084"]
[Source "ChessBase"]
[SourceDate "2001.09.13"]
[SourceVersion "1"]
[SourceVersionDate "2001.09.13"]
[SourceQuality "1"]

1. d4 e6 2. c4 d5 3. Nc3 Be7 4. cxd5 exd5 5. Bf4 c6 6. e3 Bf5 7. g4 Be6 8. h4
Nd7 {Wahrscheinlich die beste Reaktion auf den kühnen 8. Zug von Weiß, nach
der Springerentwicklung droht Schwarz 9...Bxh4. Weder nach 8...Nf6, noch nach
8...Bxh4 hat er dagegen ein leichtes Leben.} (8... Nf6 9. g5 Ne4 10. Bd3 Qa5
11. Kf1 Nxc3 12. bxc3 Nd7 13. Ne2 O-O-O 14. a4 $14 {Georgiev,K-Lputian,S/
Istanbul 2000}) (8... Bxh4 9. Qb3 b6 10. Nf3 Be7 11. Ne5 g5 12. Bg3 Nf6 13. Be2
Qc8 14. Rc1 Nbd7 15. Nb5 $36 {Jussupow,A-Lputian,S/Baden-Baden 1996}) 9. h5 (9.
g5 $6 h6) 9... Nh6 $1 10. Be2 Nb6 11. Nh3 $2 {Dieser Zug erlaubt Schwarz eine
sehr schnelle Figurenaktivierung und gilt deswegen seit langem als riskant.
Sicherer ist das prophylaktische 11.Rc1.} (11. Rc1 Bd6 (11... Nc4 12. Bxc4 dxc4
13. Bxh6 gxh6 $13 {Kasparov}) 12. Nh3 Bxf4 13. Nxf4 Bd7 $14 14. Rg1 g5 15. hxg6
hxg6 16. Kd2 Qe7 17. b3 g5 18. Nd3 O-O-O 19. Rh1 f6 20. Qg1 $14 {Kasparov,
G-Karpov,A/Moscow 1985}) 11... g5 $1 12. hxg6 (12. Be5 f6 13. Bg3 Qd7 14. f3 f5
$15) 12... hxg6 {Schwarz plant g6-g5, Qd7 und 0-0-0.} 13. f3 Bh4+ 14. Nf2 $146
{Eine Neuerung, die jedoch die Stellungseinschätzung nicht zu ändern vermag.
Schwarz entwickelt mühelos eine gefährliche Initiative.} (14. Kd2 g5 15. Bh2 f5
16. gxf5 Nxf5 17. Be5 Rh6 18. f4 g4 19. Ng5 Bxg5 20. fxg5 Qxg5 21. Bf4 $15 {
Vaiser,A-Timoshchenko,G/Tashkent 1987}) 14... g5 15. Bh2 Qe7 16. Qc2 f5 $1 17.
Be5 (17. gxf5 Nxf5 18. Qd2 Rf8 $36) 17... Rf8 $17 {[%cal Rf8f2,Rh4f2]} 18.
O-O-O {Guter Rat war schon teuer. Weiß überlässt das Zentrum seinem Schicksal
und bringt zumindest seinen König in Sicherheit.} (18. gxf5 Nxf5 19. Qd2 g4 $1
$17) 18... Nf7 19. gxf5 (19. Rdf1 Nxe5 20. dxe5 fxg4 21. Nxg4 Bxg4 22. fxg4
Qxe5 23. Qg6+ Kd7 $17) (19. Nd3 $2 Nc4 $19) 19... Bxf2 20. fxe6 Bxe3+ 21. Kb1
Nxe5 22. dxe5 Qxe6 23. Bf1 (23. Rh7 O-O-O 24. Nb5 Kb8 $19) 23... g4 (23... Rxf3
$5 $17) 24. fxg4 O-O-O 25. Rh5 Rf2 26. Qh7 Rdf8 {Weiß kann nicht all seine
Schwächen halten, der Kampf ist entschieden.} 27. Rf5 (27. Bh3 Kb8 $17 {/\Nc4})
27... R2xf5 28. gxf5 Qxe5 $19 29. f6 Bd4 30. Bh3+ Kb8 0-1

[Event "American Continental 3rd"]
[Site "Buenos Aires"]
[Date "2005.08.15"]
[Round "10"]
[White "Onischuk, Alexander"]
[Black "Nogueiras Santiago, Jesus"]
[Result "1-0"]
[WhiteElo "2628"]
[BlackElo "2541"]
[Annotator "Dautov,R"]
[PlyCount "91"]
[EventDate "2005.08.06"]
[EventType "swiss"]
[EventRounds "11"]
[EventCountry "ARG"]
[SourceTitle "CBM 109"]
[Source "ChessBase"]
[SourceDate "2005.11.14"]
[SourceVersion "1"]
[SourceVersionDate "2005.11.14"]
[SourceQuality "1"]

1. d4 d5 2. c4 e6 3. Nc3 Bb4 4. Nf3 Ne7 5. e3 c5 6. a3 {Diese Variante gilt
als vielversprechend für Weiß. In der entstehenden Stellung kommen die
Nachteile der Springerposition auf e7 besonders deutlich zum Vorschein.} Bxc3+
7. bxc3 Nbc6 (7... Qc7 8. cxd5 (8. Bb2 O-O 9. Rc1 dxc4 10. Bxc4 b6 11. Qd3 Nd7
12. O-O Bb7 13. e4 e5 14. Rfe1 Ng6 15. Qd2 Rad8 16. d5 $14 {Kortschnoj,
V-Winants,L/Antwerpen op /1994}) 8... exd5 9. a4 Bf5 (9... O-O $1) 10. Bb5+ Nd7
(10... Nbc6 11. dxc5 O-O 12. O-O Rac8 13. Nd4 $14) 11. dxc5 Qxc5 12. O-O a6 (
12... Qxc3 13. Ba3 Bc2 14. Qe2 $14) 13. Ba3 $16 {Kortschnoj,V (2645)-Bator,R 
(2435)/Malmo 1996}) 8. Bd3 b6 (8... dxc4 9. Bxc4 O-O 10. O-O $14) 9. O-O (9.
cxd5 exd5 10. O-O c4 11. Bc2 Bf5 12. Re1 O-O 13. Bxf5 Nxf5 14. e4 dxe4 15. Rxe4
Qd5 $11 {Kunze,C (2340)-Teske,H (2515)/Chemnitz 1997}) (9. Bb2 Ba6 10. cxd5
Bxd3 11. Qxd3 exd5 $2 (11... Qxd5 $1) 12. dxc5 bxc5 13. c4 O-O 14. O-O Rb8 15.
Rab1 Qd6 16. Qc3 Nf5 17. cxd5 Qxd5 18. Rfd1 $16 {Lazarev,V (2450)-Berkovich,M 
(2400)/Budapest 1998}) 9... Ba6 10. cxd5 Bxd3 11. Qxd3 Qxd5 12. Rd1 {Die
schwarze Stellung wäre vollkommen in Ordnung, stünde sein Springer auf f6
statt e7. Auf e7 findet der Springer keine Anwendung, deswegen überführt ihn
Nogueiras auf c6.} Na5 13. Qb5+ (13. e4 $5 Qc4 14. Qe3 O-O 15. Ne5 $14) 13...
Nec6 (13... Qc6 14. a4 $14) 14. a4 O-O 15. Ba3 Rfd8 16. h3 $1 {Die Drohung
dxc5 zwingt Schwarz zum Tausch auf d4.} cxd4 (16... Rac8 $2 17. dxc5 Qxd1+ 18.
Rxd1 Rxd1+ 19. Kh2 bxc5 20. Bxc5 Rb8 21. Qa6 Rd5 22. Bd4 $16) 17. cxd4 Rac8 18.
Rac1 Nb8 $6 {Passiv gespielt. Stattdessen konnte Schwarz mit 18...Qa2! Unruhe
stiften.} (18... Qa2 $1 19. Rd3 (19. Qb2 Qxb2 20. Bxb2 Nb4 $132) 19... Nb8 20.
e4 Rxc1+ 21. Bxc1 Qc2 22. Bd2 Nc4 $132) 19. Nd2 h6 20. Be7 $1 Re8 21. Bb4 Nac6
$6 (21... Nbc6 22. Bc3 $14) 22. Bc3 Ne7 {Die schwarzen Springer ziehen sich
immer weiter zurück, und Weiß kann ungestört das Zentrum besetzen.} 23. Qe2 (
23. e4 $1 $16) 23... f5 24. f3 Nd7 25. e4 fxe4 26. fxe4 Qg5 27. Qb5 $2 {
Unvorsichtig gespielt, Onischuk vernachlässigt seine Schwäche e4 und erlaubt
damit Schwarz, seine Springer endlich zu aktivieren. Richtig war 27.Nc4! mit
deutlichem Vorteil.} (27. Nc4 $1 Rxc4 (27... Rf8 28. Bd2 Qf6 29. Bb4 $16) 28.
Qxc4 Qe3+ 29. Kh1 Qxe4 30. Re1 Qd5 31. Qb5 $16) 27... Qe3+ 28. Kh1 Nf6 29. Re1
Qg3 30. Nf1 Qh4 $11 31. Qe2 Ng6 32. Bd2 Rxc1 33. Bxc1 Rf8 34. Kg1 Nh5 35. Rd1
Nhf4 36. Qa2 Qg5 $2 {Es gab keinen Grund, die gut stehende Dame zurück zu
ziehen. Hier und in den nächsten Zügen war die Prophylaxe Kg8-h7 richtig.} (
36... Kh7 $11) 37. Kh2 Nh4 38. Ng3 $14 Nhg6 39. Rf1 Qh4 $4 {Wahrscheinlich
waren beide Gegner in Zeitnot.} (39... Kh7 $14) 40. d5 $2 (40. Nf5 Qg5 41. g3
$18) 40... Nh5 41. Rxf8+ Nxf8 42. Nxh5 Qxh5 43. Qc4 Qe5+ 44. Kg1 Kf7 45. Bd2
Nd7 $2 (45... exd5 46. exd5 Nd7 $14) 46. Bc3 (46. Bc3 Qd6 47. Qc6 Qc5+ 48. Kf1
Nf8 49. Qb7+ Qe7 50. Qxe7+ Kxe7 51. Bxg7 $18) 1-0

[Event "RUS-ch qual 57th"]
[Site "St Petersburg"]
[Date "2004.05.29"]
[Round "8"]
[White "Epishin, Vladimir"]
[Black "Tregubov, Pavel V"]
[Result "1-0"]
[WhiteElo "2610"]
[BlackElo "2636"]
[Annotator "Dautov,R"]
[PlyCount "97"]
[EventDate "2004.05.21"]
[EventType "swiss"]
[EventRounds "9"]
[EventCountry "RUS"]
[SourceTitle "CBM 102"]
[Source "ChessBase"]
[SourceDate "2004.09.23"]
[SourceVersion "1"]
[SourceVersionDate "2004.09.23"]
[SourceQuality "1"]

1. d4 d5 2. c4 e6 3. Nc3 c6 4. e3 Bd6 5. Be2 f5 6. f4 {Epishin hat keine Lust,
den schwarzen Stonewall zu bekämpfen, er errrichtet stattdessen seinen eigenen!
} Nf6 7. Nf3 O-O 8. O-O b6 9. Bd2 $1 {Das ist die Idee hinter dem schlichten,
fast symmetrischen Aufbau! Der Läufer wird nicht fianchettiert, sondern via e1
nach h4 überführt.} Bb7 {Besser gefällt mir die Entwicklungsmethode a7-a5
nebst Ba6, die zweimal von Haba angewandt wurde.} (9... Ne4 10. Be1 Nxc3 11.
Bxc3 a5 12. Rc1 Ba6 13. b3 Nd7 14. Be1 Nf6 15. Bh4 Qd7 16. Bxf6 Rxf6 17. Rf2
Rff8 18. Ne5 Bxe5 19. fxe5 Bb7 20. Bf3 Rac8 21. Rfc2 Rfd8 $14 {Epishin,V-Haba,
P/Brno 1994}) (9... a5 10. Be1 Ba6 11. b3 Ne4 12. Rc1 Nxc3 13. Rxc3 b5 14. Bh4
Qe8 15. Rc2 h6 16. Kh1 Rf7 17. c5 Bc7 18. a3 Nd7 19. Rg1 b4 20. Bxa6 Rxa6 21.
a4 Bd8 22. Bxd8 Qxd8 23. g4 $14 {Nedela,V-Haba,P/Czechia 1996}) 10. Be1 Ne4 11.
b4 $1 {[%mdl 64] Mit einem kleinen taktischen Trick startet Epishin das Spiel
auf dem Damenflügel. Aus diesem Grund war a7-a5 ratsam.} Nxc3 (11... Bxb4 $2
12. Nxe4 Bxe1 13. Neg5 $18) 12. Bxc3 Nd7 13. Rb1 Nf6 14. Qc2 dxc4 $6 {Nicht
die beste Entscheidung. Die entstehende Bauernstruktur ermöglicht Weiß die
Durchsetzung von e3-e4.} (14... Ne4 $5) 15. Bxc4 Nd5 16. Bd2 $14 Qe7 17. a3
Rac8 (17... c5 $2 18. bxc5 bxc5 19. e4 $1 fxe4 20. Qxe4 $16) 18. Qb3 Ba8 19.
Rbe1 {Setzt geradlinig den Zentrumsvorstoß durch.} c5 20. dxc5 bxc5 21. e4 fxe4
22. Rxe4 cxb4 23. axb4 Kh8 24. Ng5 Nxf4 $2 {Es gab keinen Grund für diesen
verzweifelten Abtausch, der Weiß eine technisch gewonnene Stellung schenkt.
Sowohl 24...Bxb4 als auch 24...Rf6 war gut spielbar. Allerdings waren diese
Züge mit taktischen Finessen untermauert, die zu sehen alles andere als leicht
war.} (24... Bxb4 25. Qh3 (25. Bxb4 Qxb4 26. Nxe6 (26. Bxd5 $2 Qc5+) 26... Qb6+
$1 27. Kh1 Rf6 $11) 25... Nf6 (25... h6 $2 26. Rxe6 $18) 26. Rxe6 Bxg2 $3 $13 {
FRITZ}) (24... Rf6 25. Qb1 (25. f5 Bxb4 26. Bxb4 Qxb4 27. Qxb4 Nxb4 28. Rh4 Bd5
$11) 25... Rg6 $1 26. Rxe6 Qxe6 27. Nxe6 Rxg2+ 28. Kxg2 Nc3+ 29. Kf2 Nxb1 30.
Rxb1 Rxc4 $11 {FRITZ}) 25. Rexf4 Bxf4 26. Rxf4 (26. Bxf4 $4 Rxf4 $17) 26...
Rxf4 27. Bxf4 Qb7 28. Bf1 $18 {Schwarz kann den Verlust des Bauern e6 nicht
verhindern, seine Stellung ist hoffnungslos.} Qd5 29. Qh3 Qf5 30. Nxe6 Qxh3 31.
gxh3 Rc2 32. Be3 Bd5 33. Nd4 Rb2 34. b5 Ra2 35. Nc6 a5 36. Bb6 $1 a4 37. Nb4
Rd2 38. Be3 Rd1 39. Nxd5 Rxd5 40. b6 a3 41. b7 Rd8 42. Bb6 Rb8 43. Bg2 a2 44.
Bd4 Kg8 45. Bd5+ Kf8 46. h4 g6 47. Be5 Ke7 48. h3 Kd7 49. Kh2 1-0